Normal view
MARC view
- ها.الموند، جابرييل ، ج. ينعهام باول الابن /عنانى ، احمد على احمد ، نقلة الى العربية /احمد حمودة ، مراجعة
Entry Personal Name
001 - CONTROL NUMBER
- control field: 8573
003 - CONTROL NUMBER IDENTIFIER
- control field: JO-AjAnu
005 - DATE AND TIME OF LATEST TRANSACTION
- control field: 20230606071701.0
008 - FIXED-LENGTH DATA ELEMENTS
- fixed length control field: 230606|| aca||aabn | a|a d
040 ## - CATALOGING SOURCE
- Original cataloging agency: JO-AjAnu
- Transcribing agency: JO-AjAnu
100 ## - HEADING--PERSONAL NAME
- Personal name: ها.الموند، جابرييل ، ج. ينعهام باول الابن /عنانى ، احمد على احمد ، نقلة الى العربية /احمد حمودة ، مراجعة
670 ## - SOURCE DATA FOUND
- Source citation: Work cat.: (JO-AjAnu)4426: ها.الموند، جابرييل ، ج. ينعهام باول الابن /عنانى ، احمد على احمد ، نقلة الى العربية /احمد حمودة ، مراجعة, author, السياسة المقارنة دراسات فى النظم السياسية العالمية